Statistics for Dragon Ball Character

Click here to take the quiz!

General Stats

  • This quiz has been taken 215 times
  • The average score is 44 of 110

Answer Stats

HintAnswer% Correct
.Goku
100%
.King Vegeta
89%
.Baby Vegeta
88%
.Vegeta
88%
.Future Gohan
84%
.Gohan
84%
.Grandpa Gohan
84%
.Bulma
83%
.Future Trunks
80%
.Goten
79%
.Trunks
79%
.King Piccolo
78%
.Piccolo
77%
.Chi Chi
76%
.Yamcha
71%
.Krillin
70%
.Cell
69%
.Frieza
69%
.Majin Buu
67%
.Beerus
65%
.Broly
65%
.Whis
65%
.Android 19
64%
.Android 8
64%
.Master Roshi
63%
.Ox King
63%
.Tien
61%
.Kid Buu
60%
.Super Buu
60%
.Bardock
59%
.Jiren
54%
.Evil Buu
53%
.Pan
53%
.Videl
53%
.Gogeta
52%
.Gotenks
52%
.King Kai
51%
.Nappa
48%
.Champa
47%
.Cooler
47%
.Supreme Kai
47%
.Vegito
47%
.Kami
46%
.Omega Shenron
46%
.Doctor Gero
44%
I don’t have time for this lolZeno
44%
.Dende
43%
.Ginyu
43%
.Mr.Satan
43%
.Raditz
43%
.Shenron
43%
.Android 18
41%
.Android 17
40%
.Zarbon
40%
.Goku Black
39%
.Vados
39%
.Babidi
38%
.Elder Kai
38%
.Fused Zamasu
38%
.Toppo
38%
.Zamasu
38%
.Jeice
35%
.Kale
35%
.Puar
35%
.Super 17
35%
.Burter
34%
.Cell.Jr
34%
.Dodoria
34%
.King Cold
34%
.Cabba
33%
.Bulla
32%
.Mr.Popo
32%
.Recoome
32%
.Baby
31%
.Chiaotzu
31%
..Uub
30%
.Kefla
29%
.Pilaf
29%
.Janemba
26%
.Launch
25%
.Yajirobe
25%
.Dabura
24%
.Korin
23%
.Mercenary Tao
22%
.Garlic.Jr
20%
.Marron
20%
.Commander Red
17%
.General Blue
16%
.Arale
15%
.Tambourine
8%
Doctor Myu
6%
.General White
6%
.Basil
5%
.Colonel Violet
5%
.Colonel Yellow
5%
.Bora
4%
.Lavender
4%
.Piano
3%
.Rosie
3%
.Buyon
2%
.Dr.Rota
2%
.Mutaito
2%
.Sergeant Major Purple
2%
.Sergeant Metallic
2%
.Colonel Sliver
1%
.Ganos
1%
.General Copper
1%
.Hop
1%
.Napapa
1%
.Tsuru-Sennin
1%

Score Distribution

Percentile by Number Answered

Percent of People with Each Score

Your Score History

You have not taken this quiz